000 00290nam a22001337a 4500
008 170424b xxu||||| |||| 00| 0 eng d
020 _a9780393976014
041 _aeng
080 _22ND
_a547
100 _a12
101 _aSHM
245 _aORGANIC CHEMISTRY
_cJONES, M
942 _2udc
_cBK
999 _c11756
_d11756